000 00336cam a2200145 4500
008 040513n2004 000 0 eng u
020 _a0414015002
035 _a(Sirsi) u126185
041 _aeng
100 _aDailly, Mike
245 _aHousing law in practice
260 _aEdinburgh
_bW Green
_c2004
350 _a45
942 _n0
999 _c103583
_d103583